[Event "Morbihan-ch 0405"]
[Site "Arradon"]
[Date "2005.03.26"]
[Round "6"]
[White "Bignon, Anne Tifenn"]
[Black "Duplessy, Franck"]
[Result "0-1"]
[WhiteElo "1550"]
[BlackElo "2080"]
[PlyCount "46"]
[EventDate "2004.10.10"]
[EventType "swiss"]
[EventRounds "7"]
[EventCountry "FRA"]
[SourceTitle "EXT 2007"]
[Source "ChessBase"]
[SourceDate "2006.11.23"]
[SourceVersion "1"]
[SourceVersionDate "2006.11.23"]
[SourceQuality "1"]

1. e4 c5 2. Nf3 Nc6 3. d4 cxd4 4. Nxd4 e6 5. Nc3 a6 6. Bc4 Qc7 7. 0-0 Nf6 8. Bg5 Be7 9. Re1 Qe5 10. Nf3 Qc5 11. Bb3 b5 12. a3 h6 13. Be3 Qh5 14. Nd4 Qg6 15. Nxc6 dxc6 16. Qd3 e5 17. Rad1 0-0 18. f3 Bh3 19. Rd2 Rad8 20. Qe2 Nh5 21. Kh1 Bc8 22. Rg1 Ng3+ 23. hxg3 Qh5# 0-1

[Event "FRA-chT3 0405"]
[Site "France"]
[Date "2005.01.09"]
[Round "5"]
[White "Duplessy, Franck"]
[Black "Forthofer, Robert"]
[Result "0-1"]
[WhiteElo "2080"]
[BlackElo "2186"]
[PlyCount "50"]
[EventDate "2004.10.10"]
[EventType "team-tourn"]
[EventRounds "9"]
[EventCountry "FRA"]
[SourceTitle "EXT 2007"]
[Source "ChessBase"]
[SourceDate "2006.11.23"]
[SourceVersion "1"]
[SourceVersionDate "2006.11.23"]
[SourceQuality "1"]

1. e4 c5 2. Nc3 b6 3. b3 Bb7 4. Bb2 Nf6 5. e5 Nd5 6. Qg4 Qc7 7. Nb5 Qc6 8. a3 Nc7 9. Nxc7+ Qxc7 10. Nf3 Nc6 11. Bb5 e6 12. 0-0 h6 13. Rfd1 g5 14. d4 cxd4 15. Bxd4 a6 16. Be2 Bg7 17. Re1 Nxd4 18. Qxd4 d6 19. Rad1 dxe5 20. Qb4 e4 21. Nd4 0-0-0 22. Bh5 Rd7 23. Bxf7 Rxf7 24. Nxe6 Bc3 25. Qa4 b5 0-1

[Event "Morbihan-ch 0203"]
[Site "Morbihan"]
[Date "2003.02.08"]
[Round "5"]
[White "Poileux, Michel"]
[Black "Duplessy, Franck"]
[Result "1-0"]
[WhiteElo "1880"]
[BlackElo "2090"]
[PlyCount "89"]
[EventDate "2002.10.19"]
[EventType "swiss"]
[EventRounds "7"]
[EventCountry "FRA"]
[SourceTitle "EXT 2008"]
[Source "ChessBase"]
[SourceDate "2007.11.25"]
[SourceVersion "1"]
[SourceVersionDate "2007.11.25"]
[SourceQuality "1"]

1. d4 d5 2. Bg5 Nf6 3. Bxf6 exf6 4. e3 Be6 5. Bd3 f5 6. Ne2 Bd6 7. c3 0-0 8. Qc2 Qd7 9. g3 Nc6 10. Nd2 Ne7 11. h4 a5 12. Nf3 f6 13. h5 b5 14. Nh4 g5 15. hxg6 hxg6 16. Nf4 Bxf4 17. gxf4 Rf7 18. Nf3 Rg7 19. 0-0-0 Nc8 20. Rh6 Nd6 21. Rg1 Kf7 22. Nh4 Rag8 23. Qe2 Ke8 24. Rhxg6 Rxg6 25. Rxg6 Rh8 26. Nf3 Qf7 27. Bxb5+ Ke7 28. Rg1 Qh5 29. Rg7+ Bf7 30. Bc6 Qh6 31. Rg1 Rb8 32. Ba4 Rb6 33. Bc2 Qh3 34. Ne1 Bh5 35. Qf1 Qxf1 36. Rxf1 Ne4 37. f3 Nd6 38. b3 c6 39. Rh1 Bf7 40. Rh8 Ra6 41. Nd3 Ra7 42. Nc5 Bg6 43. a4 Ne8 44. Kd2 Ng7 45. Rb8 1-0

[Event "FRA-chT3 Gr5 0203"]
[Site "France"]
[Date "2002.11.16"]
[Round "2"]
[White "Smilga, Andrei"]
[Black "Duplessy, Franck"]
[Result "1-0"]
[WhiteElo "1930"]
[BlackElo "2130"]
[PlyCount "77"]
[EventDate "2002.12.09"]
[EventType "team-tourn"]
[EventRounds "9"]
[EventCountry "FRA"]
[SourceTitle "EXT 2004"]
[Source "ChessBase"]
[SourceDate "2003.11.25"]
[SourceVersion "1"]
[SourceVersionDate "2003.11.25"]
[SourceQuality "1"]

1. e4 c6 2. d4 d5 3. Nc3 b5 4. a3 dxe4 5. Nxe4 e6 6. Nf3 Nd7 7. Bf4 Nb6 8. Bd3 Nf6 9. 0-0 Nbd5 10. Bg3 Be7 11. Ne5 Bb7 12. Nc5 Qb6 13. c4 bxc4 14. Nxc4 Qb5 15. Nd6+ Bxd6 16. Bxb5 Bxc5 17. dxc5 cxb5 18. Qe2 Bc6 19. Bd6 Kd7 20. Rfd1 a6 21. Bg3 Rhc8 22. Qe5 Ra7 23. Bh4 Ke8 24. f4 Kf8 25. Rd3 Rd7 26. Rad1 Rcd8 27. Bxf6 gxf6 28. Qh5 Ke7 29. Qxh7 Nxf4 30. Rxd7+ Rxd7 31. Rxd7+ Bxd7 32. Qe4 Nd5 33. h4 Kf8 34. Qg4 f5 35. Qd4 Bc6 36. Qh8+ Ke7 37. Qc8 Be8 38. Qxa6 Nf6 39. Qd6# 1-0

[Event "Bretagne op-A"]
[Site "Queven"]
[Date "1999.??.??"]
[Round "2"]
[White "Bodenez, Vincent"]
[Black "Duplessy, Franck"]
[Result "1-0"]
[WhiteElo "1950"]
[BlackElo "2030"]
[PlyCount "61"]
[EventDate "1999.06.??"]
[EventType "swiss"]
[EventRounds "7"]
[EventCountry "FRA"]
[SourceTitle "EXT 2001"]
[Source "ChessBase"]
[SourceDate "2000.11.22"]
[SourceVersion "1"]
[SourceVersionDate "2000.11.22"]
[SourceQuality "1"]

1. e4 c5 2. Nf3 d6 3. d4 cxd4 4. Nxd4 Nf6 5. Nc3 a6 6. Be3 e6 7. f3 Be7 8. Qd2 Qc7 9. g4 b5 10. a4 b4 11. Nce2 d5 12. e5 Nfd7 13. f4 Nb6 14. b3 Bd7 15. h4 Nc6 16. Nxc6 Bxc6 17. Nd4 Bb7 18. Bd3 Rc8 19. g5 Nd7 20. h5 Nc5 21. Rc1 Ne4 22. Qg2 Qc3+ 23. Kf1 Bc5 24. Ne2 Nd2+ 25. Ke1 Bxe3 26. Nxc3 bxc3 27. g6 fxg6 28. hxg6 h6 29. Ke2 Rc7 30. Qg4 Ke7 31. Kxe3 1-0

[Event "Bretagne op-A"]
[Site "Queven"]
[Date "1999.??.??"]
[Round "3"]
[White "Duplessy, Franck"]
[Black "Hocher, Eugene"]
[Result "1-0"]
[WhiteElo "2030"]
[BlackElo "1920"]
[PlyCount "55"]
[EventDate "1999.06.??"]
[EventType "swiss"]
[EventRounds "7"]
[EventCountry "FRA"]
[SourceTitle "EXT 2001"]
[Source "ChessBase"]
[SourceDate "2000.11.22"]
[SourceVersion "1"]
[SourceVersionDate "2000.11.22"]
[SourceQuality "1"]

1. e4 e6 2. d4 d5 3. Nc3 Nf6 4. e5 Nfd7 5. Nce2 c5 6. c3 Nc6 7. Nf3 Be7 8. Ng3 f6 9. exf6 Nxf6 10. Bd3 cxd4 11. cxd4 0-0 12. 0-0 Bd6 13. Re1 Bxg3 14. hxg3 Ne4 15. Bxe4 dxe4 16. Rxe4 Qb6 17. Qe2 Re8 18. Be3 Qa5 19. Ng5 h6 20. Nf3 Bd7 21. Ne5 Nxe5 22. Rxe5 Qb4 23. Rc5 Bc6 24. Rac1 Bd5 25. a3 Qa4 26. Rc7 e5 27. Qg4 g5 28. Qf5 1-0